| 000 | 00495nam a2200205Ia 4500 | ||
|---|---|---|---|
| 008 | 210210b1946 xxu||||| |||| 00| 0 eng d | ||
| 041 | _aeng | ||
| 082 | _a826/227 | ||
| 100 | _aBLAIR (Walter) | ||
| 245 | _aLiterature of the United States | ||
| 260 |
_aChicago _bScott, Foresman & Co _c1946 |
||
| 650 | _aUnited | ||
| 650 | _athe | ||
| 650 | _aStates | ||
| 650 | _aof | ||
| 650 | _aLiterature | ||
| 690 | _aHistory of Literature | ||
| 700 | _aHORNBERGER (Theodore) | ||
| 906 | _a015775 | ||
| 999 |
_c135165 _d135165 |
||